Ultimate General Geography Quiz #2 - Statistics

General Stats
  • This quiz has been taken 352 times
  • The average score is 37 of 53
Answer Stats
Group Answer % Correct
Highest Population Countries China
97%
Highest Population Countries India
97%
Highest Population Countries United States
97%
Countries Bordering the Red Sea Egypt
93%
Countries Bordering the Red Sea Saudi Arabia
91%
Countries on the Balkan Peninsula Greece
90%
Highest Population Countries Russia
90%
Highest Population Countries Brazil
89%
Countries on the Balkan Peninsula Croatia
89%
Countries on the Balkan Peninsula Serbia
89%
Countries on the Balkan Peninsula Albania
88%
Countries Bordering the Red Sea Yemen
88%
Countries on the Balkan Peninsula Bosnia and Herzegovina
87%
Countries on the Balkan Peninsula Bulgaria
87%
Oceania Capitals Canberra
86%
Countries Bordering the Red Sea Israel
86%
Countries on the Balkan Peninsula Montenegro
86%
Countries on the Balkan Peninsula North Macedonia
86%
Countries on the Balkan Peninsula Romania
86%
Countries on the Balkan Peninsula Slovenia
86%
Countries on the Balkan Peninsula Kosovo
85%
Highest Population Countries Indonesia
84%
Oceania Capitals Wellington
83%
Highest Population Countries Nigeria
80%
Countries Bordering the Red Sea Jordan
79%
Countries on the Balkan Peninsula Turkey
79%
Highest Population Countries Mexico
78%
Highest Population Countries Pakistan
78%
Countries Bordering the Red Sea Eritrea
76%
Highest Population Countries Bangladesh
74%
Countries Bordering the Red Sea Djibouti
74%
Countries Bordering the Red Sea Sudan
73%
Australian States and Territories Tasmania
65%
Australian States and Territories Queensland
64%
Oceania Capitals Port Moresby
61%
Australian States and Territories New South Wales
60%
Countries on the Balkan Peninsula Italy
59%
Australian States and Territories Western Australia
55%
Oceania Capitals Suva
54%
Australian States and Territories Victoria
51%
Oceania Capitals Apia
47%
Australian States and Territories Northern Territory
46%
Australian States and Territories South Australia
46%
Oceania Capitals Honiara
42%
Oceania Capitals Port Vila
41%
Oceania Capitals Funafuti
40%
Oceania Capitals Yaren
40%
Oceania Capitals Palikir
39%
Oceania Capitals South Tarawa
39%
Oceania Capitals Ngerulmud
37%
Australian States and Territories Australian Capital Territory
35%
Oceania Capitals Nuku'alofa
35%
Oceania Capitals Majuro
34%
No matching quizzes found
Score Distribution
Percent of People with Each Score
Percentile by Number Answered
Your Score History
You have not taken this quiz